Pays avec le plus de personnes blondes - Statistiques

Statistiques générales
  • Ce quiz a été pris 426 fois
  • Le résultat moyen est 9 sur 10
Statistiques - réponses
Hint Réponse % Correct
78% Suède
98%
75% Norvège
97%
80% Finlande
95%
68% Danemark
87%
66% Allemagne
86%
66% Pays-Bas
81%
70% Estonie
79%
70% Islande
79%
66% Lettonie
79%
57% Lituanie
78%
Aucun quiz correspondant
Distribution des résultats
% des personnes avec chaque résultat
Percentile par nombre de réponses
Votre historique - résultats
Vous n’avez pas pris ce quiz